000
00328nam a2200133Ia 4500
005
20251222143118.0
008
251222s9999||||xx |||||||||||||| ||spa||
020
_a
950-515-264-7
082
_a
201/D59
100
_a
Derrida, Jacques
245
0
_a
El Siglo y el Perdón seguido de fe y saber
264
_b
La Flor
942
_c
LIB
999
_c
11449
_d
11449